00484 a2200169 450000500170000001000130001702000260003003500130005603700090006908200060007810000190008424501110010326000300021427000110024430000220025570000370027720240517123127.0 aB-759096 a9789354716249c395.00 aB-759096 bGift aS aCawthon, Scott aFive Nights at Freddy's Tales from The Pizzaplex #6 Nexie/cScott Cawthon, kelly Parra and Andrea Waggener aUKbScholastic Inc.c2023 aUKbUK a242 p.c21cm (Pb) aParra, Kelly and Waggener Andrea